[Event "IECC M-5077"]
[Site "IECC email"]
[Date "2004.07.09"]
[Round "?"]
[White "Baznik Wilson, Anthony J"]
[Black "Hudgins, Jonathan"]
[Result "0-1"]
[WhiteElo "849"]
[BlackElo "990"]
[PlyCount "46"]
[EventDate "2004.??.??"]
[EventType "tourn (corr)"]
[EventRounds "10"]
[SourceTitle "Corr 2020"]
[Source "ChessBase"]
[SourceDate "2019.09.30"]
[SourceVersion "1"]
[SourceVersionDate "2019.09.30"]
[SourceQuality "1"]
[WhiteTeam "United States"]
[BlackTeam "United States"]
[WhiteTeamCountry "USA"]
[BlackTeamCountry "USA"]

1. d4 d5 2. c4 e6 3. Nc3 Bb4 4. a3 Bxc3+ 5. bxc3 dxc4 6. e4 b5 7. Qg4 g6 8. e5 Na6 9. Bg5 Qd5 10. Ne2 c5 11. Nf4 Qc6 12. Be2 Bb7 13. dxc5 Nxc5 14. 0-0 Qe4 15. f3 Qxe5 16. Rad1 h6 17. Nxg6 fxg6 18. f4 Qe3+ 19. Kh1 hxg5 20. Qxg5 Be4 21. Bg4 Qxc3 22. Qxc5 Qc2 23. Bxe6 Qxg2# 0-1

[Event "IECC CL8-2004.08 email"]
[Site "IECC email"]
[Date "2004.06.28"]
[Round "?"]
[White "Hudgins, Jonathan"]
[Black "Robertson, John"]
[Result "1-0"]
[WhiteElo "1008"]
[BlackElo "921"]
[PlyCount "67"]
[EventDate "2004.??.??"]
[EventType "tourn (corr)"]
[EventRounds "4"]
[SourceTitle "Corr 2008"]
[Source "ChessBase"]
[SourceDate "2008.06.24"]
[SourceVersion "1"]
[SourceVersionDate "2008.06.24"]
[SourceQuality "1"]

1. e4 e5 2. Nf3 Nc6 3. Bc4 f6 4. d4 exd4 5. Nxd4 Bc5 6. Qh5+ g6 7. Qxc5 Nge7 8. Nxc6 Nxc6 9. 0-0 d6 10. Qd5 Qe7 11. Bd2 Be6 12. Qb5 Bxc4 13. Qxc4 0-0-0 14. Nc3 Ne5 15. Qa4 Kb8 16. Be3 a6 17. Nd5 Qf7 18. Qd4 b6 19. a4 c5 20. Qc3 Nc6 21. Nxb6 Rhe8 22. f3 Kb7 23. a5 Kc7 24. Qc4 Qxc4 25. Nxc4 Nb4 26. c3 Nc2 27. Rac1 Nxe3 28. Nxe3 Kc6 29. b4 Rb8 30. Nd5 f5 31. Rce1 h6 32. g4 Re5 33. Nf4 g5 34. Ng6 1-0

[Event "IECC M-5058"]
[Site "IECC email"]
[Date "2004.06.17"]
[Round "?"]
[White "Powell, Wayne"]
[Black "Hudgins, Jonathan"]
[Result "0-1"]
[WhiteElo "980"]
[BlackElo "1020"]
[PlyCount "44"]
[EventDate "2004.??.??"]
[EventType "tourn (corr)"]
[EventRounds "10"]
[SourceTitle "Corr 2020"]
[Source "ChessBase"]
[SourceDate "2019.09.30"]
[SourceVersion "1"]
[SourceVersionDate "2019.09.30"]
[SourceQuality "1"]
[WhiteTeam "United States"]
[BlackTeam "United States"]
[WhiteTeamCountry "USA"]
[BlackTeamCountry "USA"]

1. e4 e5 2. Nf3 Nc6 3. a3 d5 4. Bb5 dxe4 5. Ng1 Bd7 6. Qe2 Nf6 7. Qc4 Na5 8. Qa4 c6 9. Be2 b5 10. Bxb5 cxb5 11. Qxa5 Qxa5 12. b4 Qb6 13. Ne2 Rc8 14. 0-0 Qa6 15. Bb2 Rxc2 16. Bxe5 Bxb4 17. Nec3 Bxc3 18. Bxc3 0-0 19. Bd4 Rfc8 20. Re1 Rc1 21. Kf1 b4+ 22. d3 Qxd3+ 0-1

[Event "IECC M-5026"]
[Site "IECC email"]
[Date "2004.05.01"]
[Round "?"]
[White "Hudgins, Jonathan"]
[Black "Abend, Mario"]
[Result "0-1"]
[WhiteElo "967"]
[BlackElo "1000"]
[PlyCount "26"]
[EventDate "2004.??.??"]
[EventType "tourn (corr)"]
[EventRounds "10"]
[SourceTitle "Corr 2020"]
[Source "ChessBase"]
[SourceDate "2019.09.30"]
[SourceVersion "1"]
[SourceVersionDate "2019.09.30"]
[SourceQuality "1"]
[WhiteTeam "United States"]
[BlackTeam "Germany"]
[WhiteTeamCountry "USA"]
[BlackTeamCountry "GER"]

1. e4 e5 2. Nf3 Nc6 3. Bc4 Nf6 4. Ng5 d5 5. exd5 Nxd5 6. Qf3 Qxg5 7. Bxd5 Nd4 8. Qxf7+ Kd8 9. Kd1 Bg4+ 10. f3 Bf5 11. Be4 Qxg2 12. Qd5+ Bd6 13. Re1 Qxf3+ 0-1